Thực hành Nguyên lý kế toán (tóm tắt lý thuyết, bài tập và bài giải) : Theo quyết định số 15/2006/QĐ-BTC ngày 20/03/2006

Lý Thuyết và Bài Tập Nguyên Lý Kế Toán, được soạn theo giáo trình giảng dạy, và dựa trên thực tế công việc kế toán tại các đơn vị kinh doanh với cấu trúc và hình thức trình bày hoàn toàn mới mẻ, nội dung bao gồm: Tóm tắt lý thuyết ngắ...

Ful tanımlama

Kaydedildi:
Detaylı Bibliyografya
Yazar: Trịnh Quốc Hùng
Diğer Yazarlar: Trịnh Minh Tân
Materyal Türü: Kitap
Dil:Vietnamese
Baskı/Yayın Bilgisi: TP Hồ Chí Minh Phương đông 2011
Edisyon:Tái bản lần 2
Konular:
Etiketler: Etiketle
Etiket eklenmemiş, İlk siz ekleyin!
Thư viện lưu trữ: Thư viện Trường Đại học Nam Cần Thơ
LEADER 02763nam a22003137a 4500
001 NCT_39594
008 180608b xxu||||| |||| 00| 0 vie d
999 |c 1910  |d 1910 
020 |c 69000 
082 0 4 |2 23rd ed.  |a 657.076  |b H513 
100 1 |a Trịnh Quốc Hùng 
245 1 0 |a Thực hành Nguyên lý kế toán (tóm tắt lý thuyết, bài tập và bài giải) :  |b Theo quyết định số 15/2006/QĐ-BTC ngày 20/03/2006  |c Trịnh Quốc Hùng, Trịnh Minh Tân 
250 |a Tái bản lần 2 
260 |a TP Hồ Chí Minh  |b Phương đông  |c 2011 
300 |a 282 tr.  |b bảng, biểu đồ  |c 24cm 
520 3 |a Lý Thuyết và Bài Tập Nguyên Lý Kế Toán, được soạn theo giáo trình giảng dạy, và dựa trên thực tế công việc kế toán tại các đơn vị kinh doanh với cấu trúc và hình thức trình bày hoàn toàn mới mẻ, nội dung bao gồm: Tóm tắt lý thuyết ngắn gọn, dễ hiểu; Bài tập đa dạng, mới, được xây dựng theo từng nội dung riêng biệt. 
653 |a Kế toán 
700 1 |a Trịnh Minh Tân 
942 |2 ddc  |c BK 
952 |0 0  |1 0  |2 ddc  |4 0  |6 657_076000000000000_H513  |7 0  |9 9851  |a 000001  |b 000001  |d 2018-06-08  |l 1  |o 657.076 H513  |p MD.07535  |r 2020-12-29  |s 2020-12-15  |v 69000.00  |w 2018-06-08  |y BK 
952 |0 0  |1 0  |2 ddc  |4 0  |6 657_076000000000000_H513  |7 0  |9 9852  |a 000001  |b 000001  |d 2018-06-08  |o 657.076 H513  |p MD.07537  |r 2018-06-08  |v 69000.00  |w 2018-06-08  |y BK 
952 |0 0  |1 0  |2 ddc  |4 0  |6 657_076000000000000_H513  |7 0  |9 9853  |a 000001  |b 000001  |d 2018-06-08  |l 1  |o 657.076 H513  |p MD.07538  |q 2020-10-30  |r 2020-10-16  |s 2020-10-16  |v 69000.00  |w 2018-06-08  |y BK 
952 |0 0  |1 0  |2 ddc  |4 0  |6 657_076000000000000_H513  |7 0  |9 9855  |a 000001  |b 000001  |d 2018-06-08  |o 657.076 H513  |p MD.07550  |r 2018-06-08  |v 69000.00  |w 2018-06-08  |y BK 
952 |0 0  |1 0  |2 ddc  |4 0  |6 657_076000000000000_H513  |7 0  |9 9857  |a 000001  |b 000001  |d 2018-06-08  |l 1  |o 657.076 H513  |p MD.07541  |r 2020-10-12  |s 2020-09-24  |v 69000.00  |w 2018-06-08  |y BK 
952 |0 0  |1 0  |2 ddc  |4 0  |6 657_076000000000000_H513  |7 0  |9 9858  |a 000001  |b 000001  |d 2018-06-08  |o 657.076 H513  |p MD.07544  |r 2018-06-08  |v 69000.00  |w 2018-06-08  |y BK 
952 |0 0  |1 0  |2 ddc  |4 0  |6 657_076000000000000_H513  |7 0  |9 9859  |a 000001  |b 000001  |d 2018-06-08  |o 657.076 H513  |p MD.07547  |r 2018-06-08  |v 69000.00  |w 2018-06-08  |y BK 
952 |0 0  |1 0  |2 ddc  |4 0  |6 657_076000000000000_H513  |7 0  |9 9862  |a 000001  |b 000001  |d 2018-06-08  |o 657.076 H513  |p MD.07158  |r 2018-06-08  |v 69000.00  |w 2018-06-08  |y BK 
952 |0 0  |1 0  |2 ddc  |4 0  |6 657_076000000000000_H513  |7 0  |9 9863  |a 000001  |b 000001  |d 2018-06-08  |l 2  |o 657.076 H513  |p MD.07160  |r 2020-11-23  |s 2020-11-17  |v 69000.00  |w 2018-06-08  |y BK 
980 |a Thư viện Trường Đại học Nam Cần Thơ